000
00317 a2200157 4500
001
75745
020
_a
9788580570458
040
_c
Anchieta - Colégio São Paulo
100
_a
Nicholls, David
240
1
0
_a
Um dia
_l
por
245
1
0
_a
Um dia
300
_a
411
362
0
_a
2011
650
4
_a
Romance
942
_c
BK
999
_c
75745
_d
75745